Traffic engineering / (Record no. 170465)

MARC details
000 -LEADER
fixed length control field 00735nam a2200229 4500
005 - DATE AND TIME OF LATEST TRANSACTION
control field 20191216152121.0
010 ## - LCCN (DPL NO)
LC control number ENG-127147
020 ## - INTERNATIONAL STANDARD BOOK NUMBER
International Standard Book Number 9789353434854
Terms of availability 769.00
035 ## - SYSTEM CONTROL NUMBER
System control number EN-110679
037 ## - SOURCE OF ACQUISITION
Source of stock number/acquisition DBAD/PUB
082 ## - DEWEY DECIMAL CLASSIFICATION NUMBER
Classification number 625.79
100 ## - MAIN ENTRY--PERSONAL NAME
Personal name Roess, Roger P.
245 ## - TITLE STATEMENT
Title Traffic engineering /
Statement of responsibility, etc by Roger P. Roess, Elena S. Prassas [and] William R. McShane
250 ## - EDITION STATEMENT
Edition statement 5th ed.
260 ## - PUBLICATION, DISTRIBUTION, ETC. (IMPRINT)
Place of publication, distribution, etc Noida
Name of publisher, distributor, etc Pearson India Education
Date of publication, distribution, etc 2020
270 ## - ADDRESS
Address 15th Floor, Tower-b, World Trade Tower, Plot No.-1, Block -C, Sector 16
City Noida
Postal code 201301
300 ## - PHYSICAL DESCRIPTION
Extent x;785p .
Dimensions 23cm(pbk)
500 ## - GENERAL NOTE
General note Includes index
700 ## - ADDED ENTRY--PERSONAL NAME
Personal name Prassas, Elena S.
700 ## - ADDED ENTRY--PERSONAL NAME
Personal name McShane, William R.
942 ## - ADDED ENTRY ELEMENTS (KOHA)
Source of classification or shelving scheme Dewey Decimal Classification
Item type English Books
Classification part 625.79
Call number suffix ROE
Holdings
Withdrawn status Lost status Not for loan Collection code Home library Current library Date acquired Source of acquisition Cost, normal purchase price Full call number Barcode Copy number Cost, replacement price Koha item type
      Non-fiction Ashok Vihar Ashok Vihar 16/12/2019 DBAD/PUB 769.00 625.79 ROE EN-110679 1 769.00 English Books

© Delhi Public Library
Hit Counter
free hit counter